Sports Quiz

Random Sports or Baseball Quiz

Distance Between MLB Teams Quiz Stats

 Plays Quiz not verified by Sporcle

Support Sporcle.
Go Orange.
Score 0/60 Timer 12:00
0 Plays Today
% Correct
New York Mets & New York Yankees
96.9%
Chicago Cubs & Chicago White Sox
92.5%
Los Angeles Angels & Los Angeles Dodgers
87.7%
Oakland Athletics & San Francisco Giants
85%
Florida Marlins & Seattle Mariners
78.4%
Baltimore Orioles & Washington Nationals
77.5%
Boston Red Sox & New York Yankees
77.1%
Chicago Cubs & Milwaukee Brewers
75.3%
Florida Marlins & Tampa Bay Rays
74%
Los Angeles Angels & San Diego Padres
73.6%
Los Angeles Dodgers & San Diego Padres
73.1%
Houston Astros & Texas Rangers
72.7%
Cincinnati Reds & Cleveland Indians
71.4%
Chicago White Sox & Milwaukee Brewers
70.5%
Boston Red Sox & San Diego Padres
70.5%
Seattle Mariners & Tampa Bay Rays
70.5%
New York Yankees & Philadelphia Phillies
69.6%
Boston Red Sox & New York Mets
69.6%
Baltimore Orioles & Philadelphia Phillies
69.2%
New York Mets & Philadelphia Phillies
68.3%
Boston Red Sox & Los Angeles Dodgers
67%
Cleveland Indians & Detroit Tigers
65.6%
Philadelphia Phillies & Washington Nationals
65.2%
New York Yankees & San Diego Padres
64.3%
Cleveland Indians & Pittsburgh Pirates
63.9%
Boston Red Sox & Seattle Mariners
63.4%
Boston Red Sox & Los Angeles Angels
62.1%
Los Angeles Dodgers & New York Yankees
62.1%
New York Mets & San Diego Padres
61.7%
New York Yankees & San Francisco Giants
57.7%
% Correct
Boston Red Sox & San Francisco Giants
57.3%
New York Yankees & Seattle Mariners
57.3%
Boston Red Sox & Oakland Athletics
56.8%
Florida Marlins & Oakland Athletics
56.4%
Los Angeles Dodgers & New York Mets
56.4%
Los Angeles Angels & New York Yankees
56.4%
Florida Marlins & San Francisco Giants
55.5%
New York Yankees & Oakland Athletics
55.5%
New York Mets & San Francisco Giants
54.6%
Baltimore Orioles & New York Yankees
53.7%
New York Mets & Oakland Athletics
53.3%
Los Angeles Angels & New York Mets
52.9%
New York Mets & Seattle Mariners
52.4%
Baltimore Orioles & New York Mets
51.1%
New York Yankees & Washington Nationals
48.5%
New York Mets & Washington Nationals
48%
Detroit Tigers & Toronto Blue Jays
47.1%
San Francisco Giants & Tampa Bay Rays
45.4%
Cleveland Indians & Toronto Blue Jays
41.4%
Detroit Tigers & Pittsburgh Pirates
37%
Philadelphia Phillies & San Francisco Giants
37%
Oakland Athletics & Philadelphia Phillies
36.1%
Pittsburgh Pirates & Toronto Blue Jays
34.8%
Baltimore Orioles & San Francisco Giants
34.4%
Baltimore Orioles & Oakland Athletics
33%
San Francisco Giants & Washington Nationals
33%
Los Angeles Dodgers & Philadelphia Phillies
32.6%
Oakland Athletics & Washington Nationals
31.3%
Pittsburgh Pirates & Washington Nationals
29.1%
Baltimore Orioles & Pittsburgh Pirates
26.4%

You're not logged in!

Compare scores with friends on all Sporcle quizzes.
OR
Log In
Forgot?

From the Vault

Which Logo Is MLB? (Minefield)

by lolshortee

This is sure to be a hit!
Remove Ads.
Support Sporcle.
Get the best of Sporcle when you Go Orange. This ad-free experience offers more features, more stats, and more fun while also helping to support Sporcle. Thank you for becoming a member.

Show Comments

Extras

Top Quizzes Today


Score Distribution

Your Account Isn't Verified!

In order to create a playlist on Sporcle, you need to verify the email address you used during registration. Go to your Sporcle Settings to finish the process.

Report this User

Report this user for behavior that violates our Community Guidelines.

Details: